00717nam a22002292 450000100060000000300080000600500170001400800410003103500190007204000430009104100080013408200220014210000350016424500390019925000120023826000320025030000330028265000250031594200120034099900170035295201180036975086BD-RjUL20211209082637.0770826s1947 xx 000 0 eng c a(BD-RJUL)75304 aU.S. Army Medical Libr.cOCPdEQObeng aeng 223a572bTHB 19471 aThorpe, William Veale.922709000aBiochemistry for medical students. a4th ed. aLondon :bChurchill,c1947. aviii, 496 p.billus.c21 cm. aBiochemistry9227091 2ddccBK c75086d75086 00102ddc40718NFICaRUCLbRUCLcReadingd2019-01-19l0o572 THB 1947r2019-01-19 00:00:00tC-1w2019-01-19yBK